Lombricultura rentable : manual teórico-práctico para la cría comercial de lombrices /
Guardado en:
| Autor Principal: | |
|---|---|
| Formato: | Libro |
| Publicado: |
Buenos Aires :
Continente,
2004
|
| Materias: | |
| Etiquetas: |
Agregar Etiqueta
Sin Etiquetas, Sea el primero en etiquetar este registro!
|
| LEADER | 01114nam a22001935a 4500 | ||
|---|---|---|---|
| 001 | CEM.cems017193 | ||
| 005 | 20090917180346.0 | ||
| 008 | 130507s2004##################000#0#####d | ||
| 003 | CEMS | ||
| 020 | |a 9789507541063 | ||
| 082 | 0 | 4 | |a 639.75 |
| 100 | 1 | |a Gabetta, José | |
| 245 | 1 | 0 | |a Lombricultura rentable : |b manual teórico-práctico para la cría comercial de lombrices / |c José Gabetta |
| 260 | |a Buenos Aires : |b Continente, |c 2004 | ||
| 300 | |a 126 p. | ||
| 505 | 0 | |a Lombricultura y ecología cotidiana: el buen negocio de cuidar el ambiente -- Lombrieces: evolución y biología -- Los enemigos de las lombrices -- La cría de lombrices: primera fase de la producción -- El cuidado del cradero: segunda fase de la producción -- La recolección del humus: tercera fase de la producción -- El compostaje -- Preparación del criadero de reserva -- Procesos especiales de compostaje -- El compostaje en el hogar -- Análisis económico de la lombricultura -- Aplicación de productos de lombricultura | |
| 653 | |a Lombricultura | ||
| 653 | |a Lombrices | ||
| 859 | |a CEMS |b BIB. CEMS - Agricultura |h 639.75 |i G112 |p A0930.09 |t Ej.1 | ||
